Arriba y debajo / (Record no. 178911)

MARC details
000 -CABECERA
campo de control de longitud fija 00691nam a2200229 u 4500
005 - FECHA Y HORA DE LA ÚLTIMA TRANSACCIÓN
campo de control 20220916063631.0
008 - ELEMENTOS DE LONGITUD FIJA--INFORMACIÓN GENERAL
campo de control de longitud fija 151117s2010 r 000 0 eng d
020 ## - NÚMERO INTERNACIONAL NORMALIZADO PARA LIBROS
Número Internacional Estándar del Libro 9781615903351
035 ## - NÚMERO DE CONTROL DEL SISTEMA
Número de control de sistema UPN01000206810
049 ## - COLECCIÓN
Colección I
050 #4 - SIGNATURA TOPOGRÁFICA DE LA BIBLIOTECA DEL CONGRESO
Número de clasificación BF469
Número de documento/Ítem M5.2
100 1# - ASIENTO PRINCIPAL--NOMBRE PERSONAL
Nombre de persona Mitten, Luana K.,
Fechas asociadas al nombre 1965-
9 (RLIN) 38371
245 10 - MENCIÓN DE TÍTULO
Título Arriba y debajo /
Mención de responsabilidad, etc. Luana Mitten, Meg Greve.
260 ## - PUBLICACIÓN, DISTRIBUCIÓN, ETC.
Lugar de publicación, distribución, etc. Minnesota, E.U.A. :
Nombre del editor, distribuidor, etc. Rourke,
Fecha de publicación, distribución, etc. c2010.
300 ## - DESCRIPCIÓN FÍSICA
Extensión 24 p . :
Otras características físicas principalmente il. col.
440 #0 - MENCIÓN DE SERIE/ASIENTO SECUNDARIO--TÍTULO
Título Conceptos
650 #4 - ASIENTO SECUNDARIO DE MATERIA - TERMINO TEMATICO
Término de materia o nombre geográfico como elemento de entrada PERCEPCION ESPACIAL -
Subdivisión de forma LITERATURA INFANTIL
9 (RLIN) 24635
650 #7 - ASIENTO SECUNDARIO DE MATERIA - TERMINO TEMATICO
Término de materia o nombre geográfico como elemento de entrada Libros ilustrados para niños
Fuente del encabezamiento o término
9 (RLIN) 21365
700 1# - ASIENTO SECUNDARIO--NOMBRE DE PERSONAL
Nombre de persona Greve, Meg,
Término indicativo de función/relación coaut.
905 ## - TIPO DE MATERIAL
Tipo de material Infantil
Holdings
Estado de retiro Estado de pérdida Fuente del sistema de clasificación o colocación Estado dañado No para préstamo Código de colección Localización permanente Ubicación/localización actual Ubicación en estantería Fecha de adquisición Clasificación Código de barras Fecha visto por última vez Número de copia Tipo de ítem Koha
    Library of Congress Classification     Infantil Bib. Gregorio Torres Quintero Bib. Gregorio Torres Quintero Sala infantil Planta baja 10/05/2023 BF469 M5.2 307384 31/12/2020 1 Libro